000
00292nam a2200109Ia 4500
008
200302s9999 xx 000 0 und d
100
_a
Janis Birkeland
245
_a
A Sourcebook of Integrated Eco-Logical Solutions
260
_b
EarthScan Publications Ltd.
260
_c
2002
300
_a
274 P.,
999
_c
5698
_d
5698